000 02590nam a2200445 i 4500
001 194105
003 SpMaBN
005 20250902082128.0
007 ta
008 240305s2012 sp a | |||| 001 0 spa
017 _aM 2006-2012
_bOficina Depósito Legal Madrid
020 _a9788499703138
035 _a(OCoLC)796231940
040 _aSpMaBN
_bspa
_cSpMaBN
_erdc
080 _a929 González Márquez, Felipe
080 _a329(460)
080 _a33:32(460)
080 _a929(460)"19":32
100 _aChicote, Javier,
_d1979-
_0XX4660857
_9235752
245 1 0 _aSocialistas de élite :
_bFelipe y los felipistas: de Suresnes al club del millón de euros /
_cJavier Chicote.
250 _a1ª ed. febrero 2012
260 _aMadrid :
_bLa Esfera de los Libros,
_c2012.
300 _a415 p. :
_bil. ;
_c24 cm
336 _aTexto (visual)
_2isbdcontent
337 _asin mediación
_2isbdmedia
338 _2rdacarrier
_avolumen
500 _aÍndice
520 _aFelipe González comparó a los expresidentes del Gobierno con un jarrón chino: muy valiosos, pero nadie sabe dónde ponerlos. Con los años, tanto el líder de la generación de políticos socialistas que gobernó entre 1982 y 1996 como sus principales colaboradores han encontrado acomodo en los más altos estantes del poder económico. Están en los consejos de administración de las grandes corporaciones, han creado sus propias empresas y dirigen grupos de presión. Algunos trabajan para más de una decena de empresas y obtienen ingresos que superan el millón de euros anual. La receta de su éxito tiene dos ingredientes: eran grandes profesionales de sus respectivas carreras, a lo que sumaron las influencias cosechadas durante su etapa de gobierno. Son pocos los que no han sucumbido a las grandes ofertas del poder económico: también ellos han sido reflejados en este libro.
600 1 4 _aGonzález Márquez, Felipe,
_d1942-
_2embne
_958780
610 2 7 _aPartido Socialista Obrero Español
_2embne
_96155
650 7 _aNegocios y política-
_zEspaña
_2
_9169443
650 7 _aPolíticos
_zEspaña
_2embne
_9136752
852 _aES-MaACL
_bR.155084
_cDEPOJ
_jN-9858
_xEncuadernación rústica con solapas
_9201793
_hDonacion: José Lázaro García
903 _9234219
_aLázaro García, José
_ednr
942 _cMONOGRAFIA
_n0
999 _c194105
_d194105